[Event "Badalona op 47th"]
[Site "Badalona"]
[Date "2023.08.07"]
[Round "6"]
[White "Ruperez, Miguel Angel"]
[Black "Delgado Romero, Marco"]
[Result "0-1"]
[WhiteElo "2138"]
[BlackElo "2329"]
[PlyCount "110"]
[EventDate "2023.08.02"]
[EventType "swiss"]
[EventRounds "9"]
[EventCountry "ESP"]
[SourceTitle "CBM 215 Extra"]
[Source "ChessBase"]
[SourceDate "2023.09.30"]
[SourceVersion "1"]
[SourceVersionDate "2023.09.30"]
[SourceQuality "1"]

1. d4 Nf6 2. c4 e6 3. Nf3 c5 4. e3 cxd4 5. exd4 d5 6. Nc3 Nc6 7. cxd5 exd5 8. Bb5 Bd6 9. 0-0 0-0 10. h3 h6 11. Re1 Bf5 12. Ne5 Qb6 13. Bxc6 bxc6 14. Bxh6 Rae8 15. Na4 Qb5 16. Bf4 Re6 17. b3 Rfe8 18. Bh2 Nd7 19. Nf3 Rxe1+ 20. Nxe1 Bb4 21. Nc2 Bxc2 22. Qxc2 Re2 23. Qf5 Nf8 24. Bf4 Ne6 25. Be3 Bd2 26. Rf1 Ba5 27. Qb1 Qb4 28. Rd1 Qa3 29. Qd3 Rxa2 30. Qb1 Re2 31. Qd3 Qa2 32. Rc1 Re1+ 33. Rxe1 Bxe1 34. h4 g6 35. Qd1 Bb4 36. h5 gxh5 37. Nc5 Bxc5 38. dxc5 Qb2 39. Qxh5 Qxb3 40. Qg4+ Kf8 41. Bh6+ Ke7 42. Bg5+ Kd7 43. Bh4 Qb1+ 44. Kh2 Qe4 45. Qh5 Qxg2+ 46. Kxg2 Nf4+ 47. Kf3 Nxh5 48. Kg4 Ng7 49. f4 Ke6 50. Bd8 Nf5 51. Kg5 Ne3 52. Ba5 f5 53. Kh4 d4 54. Kg3 Kd5 55. Bb6 axb6 0-1

[Event "Barcelona IM 19th"]
[Site "Barcelona"]
[Date "2021.08.04"]
[Round "8"]
[White "Garcia Ramos, Marcos"]
[Black "Ruperez, Miguel Angel"]
[Result "1/2-1/2"]
[WhiteElo "2216"]
[BlackElo "2125"]
[PlyCount "50"]
[EventDate "2021.07.28"]
[EventType "tourn"]
[EventRounds "9"]
[EventCountry "ESP"]
[EventCategory "1"]
[SourceTitle "CBM 203 Extra"]
[Source "ChessBase"]
[SourceDate "2021.09.30"]
[SourceVersion "1"]
[SourceVersionDate "2021.09.30"]
[SourceQuality "1"]

1. d4 Nf6 2. c4 e6 3. Nf3 Bb4+ 4. Bd2 a5 5. g3 d6 6. Bg2 Nbd7 7. 0-0 e5 8. Be3 exd4 9. Bxd4 0-0 10. a3 Bc5 11. Nc3 Nb6 12. b3 h6 13. a4 Nbd7 14. h3 Re8 15. Qc2 c6 16. Rad1 Qe7 17. Bxc5 Nxc5 18. Rfe1 Nfe4 19. Nxe4 Nxe4 20. Nd2 Nxf2 21. Kxf2 Qe3+ 22. Kf1 Qxg3 23. Ne4 Qf4+ 24. Nf2 Re3 25. Qd2 Be6 1/2-1/2

[Event "Barcelona IM 19th"]
[Site "Barcelona"]
[Date "2021.07.31"]
[Round "4"]
[White "Lianes Garcia, Marcos"]
[Black "Ruperez, Miguel Angel"]
[Result "1-0"]
[WhiteElo "2395"]
[BlackElo "2125"]
[PlyCount "81"]
[EventDate "2021.07.28"]
[EventType "tourn"]
[EventRounds "9"]
[EventCountry "ESP"]
[EventCategory "1"]
[SourceTitle "CBM 203 Extra"]
[Source "ChessBase"]
[SourceDate "2021.09.30"]
[SourceVersion "1"]
[SourceVersionDate "2021.09.30"]
[SourceQuality "1"]

1. e4 d6 2. d4 Nf6 3. Nc3 g6 4. Be3 c6 5. Qd2 b5 6. f3 Nbd7 7. d5 cxd5 8. Nxd5 a6 9. 0-0-0 Bb7 10. Nxf6+ Nxf6 11. Kb1 Rc8 12. Bd3 Bg7 13. Ne2 Nd7 14. Bh6 Bxh6 15. Qxh6 Qc7 16. Qg7 Rf8 17. Qxh7 b4 18. Qh6 a5 19. Qd2 Qb6 20. c3 Ne5 21. Rc1 Kd7 22. cxb4 axb4 23. Nd4 e6 24. Bb5+ Ke7 25. Be2 b3 26. Nxb3 Ba6 27. Bxa6 Qxa6 28. Rxc8 Rxc8 29. Rd1 Ra8 30. Nc1 Nc4 31. Qb4 Ra7 32. Rd4 Rc7 33. a4 Qc6 34. Nb3 e5 35. Rd5 Ne3 36. Rxe5+ Kf6 37. Rb5 Qc2+ 38. Ka2 Rc4 39. Qxd6+ Kg7 40. Rb4 Rc7 41. Qd4+ 1-0

[Event "Llinars del Valles op 1st"]
[Site "Llinars del Valles"]
[Date "2021.07.03"]
[Round "9"]
[White "Ruperez, Miguel Angel"]
[Black "De Leon Navarro, Claudio"]
[Result "1/2-1/2"]
[WhiteElo "2125"]
[BlackElo "1855"]
[PlyCount "93"]
[EventDate "2021.06.25"]
[EventType "swiss"]
[EventRounds "9"]
[EventCountry "ESP"]
[SourceTitle "CBM 203 Extra"]
[Source "ChessBase"]
[SourceDate "2021.09.30"]
[SourceVersion "1"]
[SourceVersionDate "2021.09.30"]
[SourceQuality "1"]

1. d4 e6 2. c4 d5 3. Nf3 Nf6 4. g3 Be7 5. Bg2 0-0 6. 0-0 c6 7. Qc2 b6 8. Rd1 Bb7 9. Nc3 Nbd7 10. e4 dxe4 11. Ng5 Qc8 12. Ngxe4 h6 13. Bf4 Ne8 14. g4 g5 15. Be3 Ndf6 16. h3 Ng7 17. Ng3 Bd6 18. Qe2 Qc7 19. Qf3 Nh7 20. c5 Be7 21. b4 Rac8 22. b5 Ba8 23. cxb6 axb6 24. bxc6 Nf6 25. Nge4 Qxc6 26. Nxf6+ Bxf6 27. Qxc6 Bxc6 28. Ne4 Be7 29. Rab1 f5 30. d5 Bxd5 31. gxf5 Nxf5 32. Rxb6 Nh4 33. Bh1 Nf3+ 34. Bxf3 Rxf3 35. Ng3 Rc2 36. Rxd5 exd5 37. Rxh6 Rf6 38. Rh5 Rg6 39. Nf5 Bf6 40. a3 Rc4 41. Kf1 d4 42. Bd2 d3 43. Bb4 Rc1+ 44. Kg2 Rc2 45. Kf3 Rc4 46. Ke3 Rf4 47. Nh6+ 1/2-1/2

[Event "Llinars del Valles op 1st"]
[Site "Llinars del Valles"]
[Date "2021.07.02"]
[Round "8"]
[White "Sanchez Aguilar, Arnau"]
[Black "Ruperez, Miguel Angel"]
[Result "0-1"]
[WhiteElo "1806"]
[BlackElo "2125"]
[PlyCount "104"]
[EventDate "2021.06.25"]
[EventType "swiss"]
[EventRounds "9"]
[EventCountry "ESP"]
[SourceTitle "CBM 203 Extra"]
[Source "ChessBase"]
[SourceDate "2021.09.30"]
[SourceVersion "1"]
[SourceVersionDate "2021.09.30"]
[SourceQuality "1"]

1. e4 d6 2. d4 Nf6 3. Nc3 g6 4. Be3 c6 5. Nf3 Bg7 6. Qd2 h6 7. a4 Qc7 8. Bc4 Nbd7 9. 0-0 Ng4 10. Bf4 e5 11. Bg3 0-0 12. h3 Ngf6 13. a5 Nh5 14. Bh2 g5 15. dxe5 dxe5 16. Rfd1 Nf4 17. Bxf4 exf4 18. Qd6 Qxd6 19. Rxd6 Ne5 20. Nxe5 Bxe5 21. Rxh6 Kg7 22. Rh5 Kg6 23. Be2 f6 24. Bg4 Be6 25. a6 b5 26. Rxg5+ fxg5 27. Bxe6 Rfd8 28. Rc1 Rab8 29. Kf1 Rb6 30. Ra1 Kf6 31. Bb3 Rd4 32. Ke2 b4 33. Na4 Rxa6 34. c3 bxc3 35. bxc3 Rd8 36. Rb1 Ra5 37. Bc2 Rb5 38. Ra1 Ke7 39. Ra2 Rdb8 40. Bd3 Ra5 41. Kd2 Rh8 42. Be2 Bd6 43. Kc2 Bc5 44. f3 Be3 45. Bd3 Rd8 46. Ra3 c5 47. c4 Rb8 48. Ra2 Bd4 49. Kc1 Rb4 50. Nc3 Rxa2 51. Nxa2 Rb2 52. Bb1 a6 0-1

[Event "Llinars del Valles op 1st"]
[Site "Llinars del Valles"]
[Date "2021.07.01"]
[Round "7"]
[White "Ruperez, Miguel Angel"]
[Black "Lopez Martinez, Josep Manuel"]
[Result "0-1"]
[WhiteElo "2125"]
[BlackElo "2510"]
[PlyCount "82"]
[EventDate "2021.06.25"]
[EventType "swiss"]
[EventRounds "9"]
[EventCountry "ESP"]
[SourceTitle "CBM 203 Extra"]
[Source "ChessBase"]
[SourceDate "2021.09.30"]
[SourceVersion "1"]
[SourceVersionDate "2021.09.30"]
[SourceQuality "1"]

1. d4 e6 2. Nf3 f5 3. g3 b6 4. Bg2 Bb7 5. 0-0 Nf6 6. c4 a5 7. d5 Na6 8. Nd4 Bc5 9. Nc3 0-0 10. a3 Qe8 11. Rb1 Kh8 12. Nc2 exd5 13. cxd5 Qf7 14. b4 axb4 15. axb4 Bd6 16. Bf4 Bxf4 17. gxf4 Ne4 18. Rb3 Rae8 19. Qd3 c5 20. b5 c4 21. Qxc4 Nd2 22. Qd3 Nc5 23. Qxd2 Nxb3 24. Qd3 Nc5 25. Qd4 Qf6 26. Ra1 Qxd4 27. Nxd4 g6 28. e3 Ra8 29. Rd1 Ra3 30. Nce2 Rfa8 31. d6 Ra1 32. Nc1 Bxg2 33. Kxg2 Rb1 34. Nde2 Raa1 35. f3 Rb2 36. Kf1 Nb3 37. e4 Nxc1 38. Nc3 Rxh2 39. e5 Rh1+ 40. Kg2 Rxd1 41. Nxd1 Nd3 0-1

[Event "Barcelona IM 13th"]
[Site "Barcelona"]
[Date "2021.04.06"]
[Round "2"]
[White "Asis Gargatagli, Hipolito"]
[Black "Ruperez, Miguel Angel"]
[Result "1-0"]
[WhiteElo "2454"]
[BlackElo "2121"]
[PlyCount "43"]
[EventDate "2021.04.05"]
[EventType "tourn"]
[EventRounds "9"]
[EventCountry "ESP"]
[EventCategory "2"]
[SourceTitle "CBM 202 Extra"]
[Source "ChessBase"]
[SourceDate "2021.07.31"]
[SourceVersion "1"]
[SourceVersionDate "2021.07.31"]
[SourceQuality "1"]

1. e4 c5 2. Nf3 d6 3. d4 cxd4 4. Nxd4 Nf6 5. Nc3 Nc6 6. Bg5 e6 7. Bb5 Bd7 8. Qd3 h6 9. Bh4 Qb6 10. 0-0-0 a6 11. Bxc6 bxc6 12. Nb3 e5 13. f4 Be6 14. Bxf6 gxf6 15. f5 Bc8 16. Nd2 Rb8 17. Nc4 Qb4 18. a3 Qb7 19. b3 d5 20. exd5 cxd5 21. Nxd5 Be7 22. Nd6+ 1-0

[Event "Sitges Sunway 7th"]
[Site "Sitges"]
[Date "2020.12.22"]
[Round "9"]
[White "Ruperez, Miguel Angel"]
[Black "Perez Bolanos, David"]
[Result "1-0"]
[WhiteElo "2124"]
[BlackElo "2068"]
[PlyCount "83"]
[EventDate "2020.12.13"]
[EventType "swiss"]
[EventRounds "10"]
[EventCountry "ESP"]
[SourceTitle "CBM 199 Extra"]
[Source "ChessBase"]
[SourceDate "2021.01.31"]
[SourceVersion "1"]
[SourceVersionDate "2021.01.31"]
[SourceQuality "1"]

1. d4 Nf6 2. c4 e6 3. Nc3 c5 4. d5 exd5 5. cxd5 d6 6. e4 g6 7. Bg5 Bg7 8. Nf3 0-0 9. Nd2 h6 10. Bh4 g5 11. Bg3 Re8 12. Be2 a6 13. a4 Qc7 14. 0-0 Nbd7 15. Qc2 Ne5 16. f4 Ng6 17. e5 Nh7 18. exd6 Qd8 19. Bh5 gxf4 20. Bxf4 Nxf4 21. Bxf7+ Kxf7 22. Qxh7 Qg5 23. Rxf4+ Qxf4 24. Rf1 Qxf1+ 25. Kxf1 Re5 26. Qd3 Bf5 27. Qc4 b6 28. Nf3 Rae8 29. Nxe5+ Bxe5 30. Qxa6 Bxh2 31. Qb7+ Kg8 32. d7 Rd8 33. Qxb6 Rxd7 34. Qxh6 Bd3+ 35. Ke1 Bg3+ 36. Kd2 c4 37. Qe6+ Rf7 38. Qg4+ Rg7 39. Qe6+ Rf7 40. Ne4 Bf4+ 41. Kc3 Kf8 42. Nd6 1-0

[Event "Sitges Sunway 7th"]
[Site "Sitges"]
[Date "2020.12.15"]
[Round "3"]
[White "Ruperez, Miguel Angel"]
[Black "Gatineau, Yovann"]
[Result "1/2-1/2"]
[WhiteElo "2124"]
[BlackElo "2423"]
[PlyCount "78"]
[EventDate "2020.12.13"]
[EventType "swiss"]
[EventRounds "10"]
[EventCountry "ESP"]
[SourceTitle "CBM 199 Extra"]
[Source "ChessBase"]
[SourceDate "2021.01.31"]
[SourceVersion "1"]
[SourceVersionDate "2021.01.31"]
[SourceQuality "1"]

1. d4 f5 2. Nf3 Nf6 3. g3 e6 4. Bg2 Be7 5. 0-0 0-0 6. c4 d6 7. Nc3 Ne4 8. Nxe4 fxe4 9. Nd2 d5 10. f3 e3 11. Nb1 c5 12. Bxe3 cxd4 13. Bxd4 e5 14. Bxe5 Nc6 15. Bc3 Qb6+ 16. Kh1 d4 17. Be1 Qxb2 18. Nd2 Bf5 19. Nb3 a5 20. Rf2 Bc2 21. e4 Bxd1 22. Rxb2 Bxf3 23. Nd2 Bxg2+ 24. Kxg2 Bb4 25. Nf3 Rxf3 26. Kxf3 Ne5+ 27. Kg2 Nd3 28. Re2 Nxe1+ 29. Rexe1 Bxe1 30. Rxe1 Rc8 31. Rc1 Kf7 32. Kf3 Ke6 33. Rb1 Rxc4 34. Rxb7 Rc2 35. Rxg7 Rxh2 36. a4 Ra2 37. Rxh7 Rxa4 38. Rh6+ Ke7 39. e5 d3 1/2-1/2

[Event "Sitges Sunway 7th"]
[Site "Sitges"]
[Date "2020.12.13"]
[Round "1"]
[White "Ruperez, Miguel Angel"]
[Black "Krysa, Leandro Sergio"]
[Result "0-1"]
[WhiteElo "2124"]
[BlackElo "2544"]
[PlyCount "106"]
[EventDate "2020.12.13"]
[EventType "swiss"]
[EventRounds "10"]
[EventCountry "ESP"]
[SourceTitle "CBM 199 Extra"]
[Source "ChessBase"]
[SourceDate "2021.01.31"]
[SourceVersion "1"]
[SourceVersionDate "2021.01.31"]
[SourceQuality "1"]

1. d4 d5 2. c4 e6 3. Nc3 c6 4. e3 Nf6 5. Nf3 a6 6. b3 Bb4 7. Bd2 b6 8. Bd3 Bb7 9. 0-0 dxc4 10. bxc4 c5 11. Nb1 Nc6 12. Bxb4 Nxb4 13. Be2 0-0 14. Nbd2 Qc7 15. a3 Nc6 16. dxc5 bxc5 17. Rb1 Rab8 18. Qc2 h6 19. Rb2 Ba8 20. Rfb1 Rfd8 21. Rxb8 Nxb8 22. Qb2 Nbd7 23. Nf1 Qa5 24. Ne5 Be4 25. Nxd7 Rxd7 26. Rc1 Rb7 27. Qc3 Qxc3 28. Rxc3 Rb2 29. Bd3 Kf8 30. f3 Bxd3 31. Rxd3 Ke7 32. e4 Nd7 33. Ne3 Ne5 34. Rc3 g5 35. Kf1 a5 36. Nd1 Rd2 37. Nf2 a4 38. g3 Rd4 39. Ke2 Rxc4 40. Nd1 Kd6 41. Rxc4 Nxc4 42. Nc3 Nxa3 43. Nxa4 Kc6 44. Nc3 c4 45. Ke3 Kc5 46. Na2 e5 47. f4 gxf4+ 48. gxf4 Nc2+ 49. Kd2 Nb4 50. Nc1 exf4 51. Ke2 c3 52. Kf3 Kc4 53. Ke2 c2 0-1

[Event "Gibraltar Challengers op-B"]
[Site "Caleta"]
[Date "2020.01.27"]
[Round "4"]
[White "Ruperez, Miguel Angel"]
[Black "De Abreu, Roberto N"]
[Result "1/2-1/2"]
[WhiteElo "2126"]
[BlackElo "2154"]
[PlyCount "90"]
[EventDate "2020.01.25"]
[EventType "swiss"]
[EventRounds "5"]
[EventCountry "GGB"]
[SourceTitle "CBM 194 Extra"]
[Source "ChessBase"]
[SourceDate "2020.03.31"]
[SourceVersion "1"]
[SourceVersionDate "2020.03.31"]
[SourceQuality "1"]

1. Nf3 c5 2. b3 d6 3. d4 cxd4 4. Nxd4 Nf6 5. g3 Nc6 6. Nxc6 bxc6 7. Bg2 d5 8. Bb2 e6 9. 0-0 Be7 10. c4 0-0 11. Nd2 Bb7 12. Qc2 Qb6 13. Rac1 Rac8 14. Rfd1 Rfd8 15. e3 a5 16. Rb1 Ba6 17. h3 Nd7 18. Nf3 h6 19. Bd4 Qc7 20. cxd5 cxd5 21. Qb2 Bf8 22. Rbc1 Qb7 23. Rxc8 Rxc8 24. Rc1 Nc5 25. Ne1 f6 26. Bc3 a4 27. b4 Ne4 28. a3 Bd6 29. Nf3 Rc7 30. Be1 Bc4 31. Nd4 Qc8 32. g4 h5 33. Qb1 hxg4 34. hxg4 Kf7 35. f4 Qh8 36. b5 Bxa3 37. b6 Bxc1 38. Qxc1 Rc8 39. b7 Rc7 40. Bxe4 dxe4 41. Nb5 Qh3 42. Nxc7 Qxg4+ 43. Kh2 Qe2+ 44. Kg3 Qf3+ 45. Kh2 Qe2+ 1/2-1/2

[Event "Gibraltar Challengers op-B"]
[Site "Caleta"]
[Date "2020.01.26"]
[Round "2"]
[White "Ruperez, Miguel Angel"]
[Black "Pakmor, Claus"]
[Result "1-0"]
[WhiteElo "2126"]
[BlackElo "1937"]
[PlyCount "115"]
[EventDate "2020.01.25"]
[EventType "swiss"]
[EventRounds "5"]
[EventCountry "GGB"]
[SourceTitle "CBM 194 Extra"]
[Source "ChessBase"]
[SourceDate "2020.03.31"]
[SourceVersion "1"]
[SourceVersionDate "2020.03.31"]
[SourceQuality "1"]

1. d4 d5 2. c4 e6 3. Nc3 Nf6 4. cxd5 exd5 5. Bg5 c6 6. e3 Be7 7. Bd3 Nbd7 8. Nge2 h6 9. Bh4 Nh5 10. Bxe7 Qxe7 11. Qd2 Nb6 12. f3 Be6 13. 0-0 0-0 14. g4 Nf6 15. Ng3 c5 16. Rae1 Rae8 17. Kg2 Nc8 18. h4 c4 19. Bb1 Qd7 20. Qc2 g6 21. h5 Ne7 22. Nce2 Kg7 23. Nf4 g5 24. Nh3 Rh8 25. Qd2 Rhg8 26. Nf2 Kh8 27. Qc2 Rg7 28. a4 b6 29. b3 Rc8 30. Ba2 Nc6 31. Qc3 cxb3 32. Qxb3 Na5 33. Qd1 Nc4 34. Nd3 Rgg8 35. Ne5 Nxe5 36. dxe5 Nh7 37. Bb1 Rgd8 38. Nf5 Rc4 39. Nxh6 Qxa4 40. Qd3 Nf8 41. Nxf7+ Bxf7 42. Qf5 Qd7 43. Qf6+ Kg8 44. Qxg5+ Kh8 45. Qf6+ Kg8 46. h6 Be8 47. h7+ Nxh7 48. Bxh7+ Qxh7 49. Rh1 Qg7 50. Qxd8 Rc2+ 51. Kg3 Qxe5+ 52. f4 Qe4 53. Qg5+ Bg6 54. Rh2 Rxh2 55. Kxh2 d4 56. Qd8+ Kf7 57. Qd7+ Kf8 58. Qxd4 1-0

[Event "Sant Adria de Besos op-A 3rd"]
[Site "Sant Adria de Besos"]
[Date "2019.08.14"]
[Round "1"]
[White "Sturt, Raven M"]
[Black "Ruperez, Miguel Angel"]
[Result "1-0"]
[WhiteElo "2462"]
[BlackElo "2095"]
[PlyCount "81"]
[EventDate "2019.08.14"]
[EventType "swiss"]
[EventRounds "9"]
[EventCountry "ESP"]
[SourceTitle "EXT 2020"]
[Source "ChessBase"]
[SourceDate "2019.10.17"]
[SourceVersion "1"]
[SourceVersionDate "2019.10.17"]
[SourceQuality "1"]

1. e4 c6 2. d3 d5 3. Nd2 e5 4. Ngf3 Bd6 5. g3 Nf6 6. Bg2 0-0 7. 0-0 Qc7 8. b3 Re8 9. Bb2 Bg4 10. h3 Bh5 11. Qc1 Nbd7 12. Nh4 dxe4 13. dxe4 Nc5 14. Re1 Rad8 15. Nc4 Bf8 16. Bc3 Bg6 17. Nxg6 hxg6 18. a4 Nfd7 19. Qb2 f6 20. b4 Ne6 21. Ne3 Be7 22. h4 Ndf8 23. Bh3 Nd4 24. Qa2+ Kh8 25. Kg2 Bd6 26. Rh1 Nfe6 27. h5 g5 28. Bf5 Nxf5 29. exf5 Nf8 30. Qc4 Qe7 31. Rad1 b5 32. axb5 cxb5 33. Qxb5 Rb8 34. Qc6 Rb6 35. Qe4 Rc8 36. Nd5 Qb7 37. h6 Rxc3 38. hxg7+ Kxg7 39. Nxc3 Qxe4+ 40. Nxe4 Bxb4 41. Ra1 1-0

[Event "Barbera del Valles op 42nd"]
[Site "Barbera del Valles"]
[Date "2019.07.12"]
[Round "9"]
[White "Ruperez, Miguel Angel"]
[Black "Meessen, Rudolf"]
[Result "0-1"]
[WhiteElo "2146"]
[BlackElo "2269"]
[PlyCount "88"]
[EventDate "2019.07.04"]
[EventType "swiss"]
[EventRounds "9"]
[EventCountry "ESP"]
[SourceTitle "EXT 2020"]
[Source "ChessBase"]
[SourceDate "2019.10.17"]
[SourceVersion "1"]
[SourceVersionDate "2019.10.17"]
[SourceQuality "1"]

1. d4 g6 2. c4 Bg7 3. Nc3 d6 4. e4 e5 5. d5 a5 6. Bd3 Na6 7. h3 h5 8. a3 f5 9. b4 f4 10. c5 g5 11. Bb5+ Kf7 12. Nf3 g4 13. Nd2 gxh3 14. gxh3 Rh6 15. Nc4 Nf6 16. Bxa6 axb4 17. axb4 Rxa6 18. Rxa6 bxa6 19. Ba3 Rg6 20. cxd6 cxd6 21. Qd3 Ne8 22. Na5 Qg5 23. Qf3 Bh6 24. Bc1 Nf6 25. Ne2 Bd7 26. Nc6 Qh4 27. Nc3 Nh7 28. Qd3 Rg2 29. Nd1 Bg4 30. Kf1 Bxd1 31. Kxg2 f3+ 32. Kg1 Bxc1 33. Rh2 Be2 34. Qc2 Qg5+ 35. Kh1 Bf4 36. h4 Qg4 37. Nd8+ Kg6 38. Qc6 Bxh2 39. Qe8+ Kh6 40. Nf7+ Kg7 41. Qh8+ Kxf7 42. Qxh7+ Ke8 43. Qh8+ Kd7 44. Qh7+ Kc8 0-1

[Event "Barbera del Valles op 42nd"]
[Site "Barbera del Valles"]
[Date "2019.07.08"]
[Round "5"]
[White "Ruperez, Miguel Angel"]
[Black "Deodhar, Vrushali Umesh"]
[Result "1/2-1/2"]
[WhiteElo "2146"]
[BlackElo "1770"]
[PlyCount "31"]
[EventDate "2019.07.04"]
[EventType "swiss"]
[EventRounds "9"]
[EventCountry "ESP"]
[SourceTitle "CBM 191 Extra"]
[Source "ChessBase"]
[SourceDate "2019.09.30"]
[SourceVersion "1"]
[SourceVersionDate "2019.09.30"]
[SourceQuality "1"]

1. d4 d5 2. c4 c6 3. Nf3 Nf6 4. Nc3 dxc4 5. e4 b5 6. e5 Nd5 7. a4 e6 8. Be2 Bb7 9. 0-0 Be7 10. Ne4 0-0 11. Bg5 a6 12. Qc1 Nd7 13. h4 c5 14. dxc5 Bxg5 15. hxg5 Qe7 16. b4 1/2-1/2

[Event "Barbera del Valles op 42nd"]
[Site "Barbera del Valles"]
[Date "2019.07.05"]
[Round "2"]
[White "Ruperez, Miguel Angel"]
[Black "Hernandez, Cristian Andres"]
[Result "1/2-1/2"]
[WhiteElo "2146"]
[BlackElo "2355"]
[PlyCount "211"]
[EventDate "2019.07.04"]
[EventType "swiss"]
[EventRounds "9"]
[EventCountry "ESP"]
[SourceTitle "CBM 191 Extra"]
[Source "ChessBase"]
[SourceDate "2019.09.30"]
[SourceVersion "1"]
[SourceVersionDate "2019.09.30"]
[SourceQuality "1"]

1. Nf3 Nf6 2. c4 c5 3. g3 b6 4. Bg2 Bb7 5. 0-0 e6 6. b3 Be7 7. Bb2 0-0 8. e3 d5 9. cxd5 Nxd5 10. a3 Nc6 11. Qc2 Rc8 12. d3 Rc7 13. Rd1 Qa8 14. Ne1 Rd8 15. Nd2 Rcd7 16. Rac1 Bg5 17. Nf1 a5 18. f4 Be7 19. g4 Rc7 20. Qf2 Rcc8 21. g5 Bf8 22. h4 a4 23. h5 Nde7 24. Ng3 Na5 25. Bxb7 Qxb7 26. h6 g6 27. bxa4 c4 28. dxc4 Rxd1 29. Rxd1 Nxc4 30. Ba1 Nf5 31. Nxf5 exf5 32. Qc2 Qe4 33. Qxe4 fxe4 34. Kf2 Nxa3 35. Bd4 Rc6 36. Ra1 Bb4 37. Ra2 Kf8 38. Bb2 Nc4 39. Bg7+ Ke8 40. Nc2 Bc5 41. Nd4 Bxd4 42. Bxd4 Kd7 43. Ra1 Kc7 44. Rb1 Kb7 45. Rb5 Kc7 46. Kg3 Kd7 47. Rd5+ Rd6 48. Rb5 Rc6 49. Kg4 Kc7 50. Rd5 Nd6 51. Be5 Kd7 52. Rd4 Ke7 53. Bxd6+ Rxd6 54. Rxe4+ Kf8 55. Rd4 Re6 56. e4 Ke7 57. f5 gxf5+ 58. exf5 Re1 59. Kf4 Rf1+ 60. Ke5 Re1+ 61. Re4 Rd1 62. Kf4+ Kd6 63. f6 Rf1+ 64. Kg4 Rg1+ 65. Kf5 Rf1+ 66. Rf4 Rd1 67. Rb4 Rf1+ 68. Ke4 Re1+ 69. Kd3 Kc5 70. Re4 Rg1 71. Re7 Rxg5 72. Rxf7 Rg6 73. Rxh7 Rxf6 74. Rc7+ Kd6 75. h7 Rh6 76. Ra7 Rh4 77. Ke3 Ke6 78. Kf3 Kf6 79. Kg3 Rh1 80. Kg2 Rh4 81. Kf3 Kg6 82. Rb7 Rh1 83. Ke4 Rh5 84. Kd4 Kf5 85. Kc4 Ke4 86. Rxb6 Rxh7 87. Re6+ Kf5 88. Re1 Rh2 89. a5 Rc2+ 90. Kb5 Rb2+ 91. Ka6 Ra2 92. Kb6 Rb2+ 93. Ka7 Kf6 94. a6 Kf7 95. Ka8 Rb6 96. Ka7 Rb2 97. Re5 Rb1 98. Re4 Rb2 99. Re3 Rb1 100. Re2 Rb3 101. Ka8 Rb6 102. a7 Rb1 103. Rc2 Ke8 104. Rc7 Kd8 105. Rb7 Rc1 106. Rb2 1/2-1/2

[Event "Barcelona June IM"]
[Site "Barcelona"]
[Date "2019.06.21"]
[Round "9"]
[White "Ruperez, Miguel Angel"]
[Black "Chernikov, Vladimir"]
[Result "0-1"]
[WhiteElo "2168"]
[BlackElo "2242"]
[PlyCount "44"]
[EventDate "2019.06.11"]
[EventType "tourn"]
[EventRounds "9"]
[EventCountry "ESP"]
[EventCategory "3"]
[SourceTitle "CBM 191 Extra"]
[Source "ChessBase"]
[SourceDate "2019.09.30"]
[SourceVersion "1"]
[SourceVersionDate "2019.09.30"]
[SourceQuality "1"]

1. d4 Nf6 2. c4 c5 3. d5 g6 4. Nc3 d6 5. e4 Bg7 6. h3 0-0 7. Bd3 e6 8. Nge2 exd5 9. exd5 Nfd7 10. f4 Qh4+ 11. Kf1 Na6 12. g3 Qe7 13. Kg2 Re8 14. Bd2 Nb4 15. Bb1 b5 16. a3 bxc4 17. axb4 cxb4 18. Re1 bxc3 19. Nxc3 Qd8 20. Rxe8+ Qxe8 21. Nb5 Nc5 22. Nc7 Qd7 0-1

[Event "Barcelona June IM"]
[Site "Barcelona"]
[Date "2019.06.19"]
[Round "7"]
[White "Martin Gonzalez, Angel"]
[Black "Ruperez, Miguel Angel"]
[Result "1-0"]
[WhiteElo "2340"]
[BlackElo "2168"]
[PlyCount "49"]
[EventDate "2019.06.11"]
[EventType "tourn"]
[EventRounds "9"]
[EventCountry "ESP"]
[EventCategory "3"]
[SourceTitle "CBM 191 Extra"]
[Source "ChessBase"]
[SourceDate "2019.09.30"]
[SourceVersion "1"]
[SourceVersionDate "2019.09.30"]
[SourceQuality "1"]

1. e4 c5 2. Nf3 e6 3. d4 cxd4 4. Nxd4 a6 5. Nc3 Qc7 6. Bd3 Nf6 7. f4 d6 8. Qf3 Be7 9. Be3 Nc6 10. 0-0 h5 11. h3 h4 12. a4 Rb8 13. Qf2 Nh5 14. a5 Ng3 15. Rfe1 Bd7 16. Nb3 Nb4 17. Bb6 Qc8 18. Qd4 Nxd3 19. Qxg7 Rf8 20. cxd3 Nh5 21. Qh6 Ng3 22. f5 Bc6 23. Nd4 exf5 24. exf5 Nxf5 25. Qf6 1-0

[Event "Barcelona June IM"]
[Site "Barcelona"]
[Date "2019.06.18"]
[Round "6"]
[White "Ruperez, Miguel Angel"]
[Black "Rodriguez Alvarez, Vidal Hely"]
[Result "1/2-1/2"]
[WhiteElo "2168"]
[BlackElo "2289"]
[PlyCount "35"]
[EventDate "2019.06.11"]
[EventType "tourn"]
[EventRounds "9"]
[EventCountry "ESP"]
[EventCategory "3"]
[SourceTitle "CBM 191 Extra"]
[Source "ChessBase"]
[SourceDate "2019.09.30"]
[SourceVersion "1"]
[SourceVersionDate "2019.09.30"]
[SourceQuality "1"]

1. d4 Nf6 2. Bf4 d5 3. e3 e6 4. Nf3 Bd6 5. Bg3 0-0 6. Nbd2 c5 7. c3 b6 8. Bd3 Ba6 9. Bxa6 Nxa6 10. Bh4 Be7 11. Ne5 Qc8 12. 0-0 Qb7 13. Bxf6 Bxf6 14. f4 b5 15. a3 cxd4 16. exd4 Nb8 17. b4 Nd7 18. Nxd7 1/2-1/2

[Event "Barcelona Electrica Baleares op 2nd"]
[Site "Barcelona"]
[Date "2019.05.17"]
[Round "9"]
[White "Perez Garcia, Adria"]
[Black "Ruperez, Miguel Angel"]
[Result "1/2-1/2"]
[WhiteElo "2182"]
[BlackElo "2169"]
[PlyCount "108"]
[EventDate "2019.03.15"]
[EventType "swiss"]
[EventRounds "9"]
[EventCountry "ESP"]
[SourceTitle "CBM 190 Extra"]
[Source "ChessBase"]
[SourceDate "2019.07.15"]
[SourceVersion "1"]
[SourceVersionDate "2019.07.15"]
[SourceQuality "1"]

1. e4 c5 2. c3 Nf6 3. e5 Nd5 4. d4 cxd4 5. Nf3 e6 6. cxd4 d6 7. Bc4 Be7 8. 0-0 0-0 9. Qe2 b6 10. Rd1 Bb7 11. Bxd5 Bxd5 12. Nc3 Bxf3 13. Qxf3 d5 14. Qg4 f5 15. exf6 Rxf6 16. Ne2 Rg6 17. Qh3 Bd6 18. Bf4 Nc6 19. Rac1 Qd7 20. Qe3 Rf8 21. Bxd6 Qxd6 22. Rc3 Rff6 23. f3 Rh6 24. Ng3 Rh4 25. Qf2 Ne7 26. h3 Rfh6 27. Rdc1 Rg6 28. Ne2 e5 29. dxe5 Qxe5 30. Nd4 Rf4 31. Re1 Qxd4 32. Rxe7 Qd1+ 33. Re1 Qa4 34. Rc8+ Rf8 35. Rxf8+ Kxf8 36. Qe3 Qd7 37. Rc1 h6 38. Qe5 Rd6 39. Qd4 Kg8 40. Rd1 Qc6 41. Qe5 Qd7 42. Rd4 a6 43. f4 b5 44. f5 Kf7 45. Kh2 Qd8 46. a3 Kf8 47. f6 Rxf6 48. Rxd5 Qe8 49. Qd4 Qb8+ 50. g3 Ke8 51. Re5+ Kf8 52. Rd5 Ke8 53. Qe4+ Kf8 54. Qd4 Ke8 1/2-1/2